000 00977nam a2200253 a 4500
001 52409
003 BD-RjUL
005 20211209075812.0
008 160920s1965 bg ||||| |||| 00| 0 ben d
035 _a(BD-RjUL)52529
040 _aBD-RjUL
_bben
_cBD-RjUL
_dBD-RjUL
041 _aben
082 _223
_a780.92
_bAHA 1965
100 _aআহ্‌মদ, আব্বাসউদ্দীন
_9156792
245 1 0 _aআমার শিল্পী জীবনের কথা /
_cআব্বাসউদ্দীন আহ্‌মদ
250 _a২য় সং.
260 _aঢাকা :
_bষ্টুডেন্ট ওয়েজ,
_c১৯৬৫.
300 _a২০০ পৃ. :
_bচিত্র ;
_c২৪ সেমি
600 _aআহ্‌মদ, আব্বাসউদ্দীন
_9156792
600 _aAhmed, Abbasuddin
_9156793
650 _aসঙ্গীত
_vজীবনী
_9156794
650 _aMusic
_vBiography
_9156795
942 _2ddc
_cBK
999 _c52409
_d52409